000 00536nam a2200181Ia 4500
008 230917s9999||||xx |||||||||||||| ||und||
020 _cGBP47.99
040 _e256559
_aMAIN
041 _aEnglish
082 _a001.42 P886C(2)
100 _aPrasad, Pushkala
245 0 _aCrafting qualitative research: Beyond positivist traditions
250 _a2nd ed.
260 _aNew York
_bRoutledge
_c2018
300 _aviii, 378 p.
500 _a3547 22/07/2019 HBD19/7866 23/07/2019 Ch. Ranbir Singh Institute of Social and
942 _cBK
999 _c31992
_d31992